[Event "Ruhrgebiet VK3 0910"]
[Site "Ruhrgebiet"]
[Date "2009.10.04"]
[Round "2.4"]
[White "Gill, Stephan"]
[Black "Schulz, Alfons"]
[Result "0-1"]
[WhiteElo "1838"]
[BlackElo "1788"]
[PlyCount "96"]
[EventDate "2009.09.06"]
[EventType "team"]
[EventRounds "9"]
[EventCountry "GER"]
[SourceTitle "EXT 2011"]
[Source "ChessBase"]
[SourceDate "2010.11.26"]
[SourceVersion "1"]
[SourceVersionDate "2010.11.26"]
[SourceQuality "1"]
[WhiteTeam "Gelsenkirchen"]
[BlackTeam "Haltern"]
[WhiteTeamCountry "GER"]
[BlackTeamCountry "GER"]

1. d4 Nf6 2. c4 g6 3. Nc3 Bg7 4. e4 d6 5. Be2 0-0 6. Bg5 h6 7. Be3 e5 8. d5 Nbd7 9. g4 Nc5 10. Bxc5 dxc5 11. h4 Ne8 12. h5 Nd6 13. hxg6 fxg6 14. Nh3 Bd7 15. Qd2 g5 16. f3 Qf6 17. Nf2 a6 18. Qe3 b6 19. b3 Nf7 20. 0-0-0 Qf4 21. Qxf4 exf4 22. Kc2 Bd4 23. Nd3 Kg7 24. Rh2 b5 25. Rdh1 Rfe8 26. Re1 bxc4 27. bxc4 Rab8 28. Rhh1 Nd6 29. Nc1 Rb4 30. a3 Rb6 31. N1a2 Reb8 32. Rb1 Rxb1 33. Rxb1 Rxb1 34. Kxb1 h5 35. gxh5 Kh6 36. Kc2 Kxh5 37. Kd3 Kh4 38. Nc1 Nf7 39. Nb3 Ne5+ 40. Kd2 Be3+ 41. Ke1 Kg3 42. Nd1 Nxf3+ 43. Bxf3 Kxf3 44. Nxe3 Kxe3 45. e5 Bf5 46. Nxc5 f3 47. d6 f2+ 48. Kf1 Bh3# 0-1